000 01337nam a22003374a 4500
001 ebr10017954
003 CaPaEBR
006 m u
007 cr cn|||||||||
008 991001s2000 ctuab sb 000 0 eng
010 _z 99049149
020 _z0313308160 (alk. paper)
040 _aCaPaEBR
_cCaPaEBR
035 _a(OCoLC)614623748
050 1 4 _aQL82
_b.E55 2000eb
082 0 4 _a333.95/42
_221
245 0 0 _aEndangered animals
_h[electronic resource] :
_ba reference guide to conflicting issues /
_cedited by Richard P. Reading and Brian Miller.
260 _aWestport, Conn. :
_bGreenwood Press,
_c2000.
300 _axviii, 383 p. :
_bill. (some col.), maps.
504 _aIncludes bibliographical references (p. [319]-369).
533 _aElectronic reproduction.
_bPalo Alto, Calif. :
_cebrary,
_d2013.
_nAvailable via World Wide Web.
_nAccess may be limited to ebrary affiliated libraries.
650 0 _aEndangered species.
650 0 _aConservation biology.
650 0 _aRare vertebrates.
650 0 _aWildlife conservation.
655 7 _aElectronic books.
_2local
700 1 _aReading, Richard P.
700 1 _aMiller, Brian,
_d1948-
710 2 _aebrary, Inc.
856 4 0 _uhttp://site.ebrary.com/lib/rucke/Doc?id=10017954
_zAn electronic book accessible through the World Wide Web; click to view
999 _c29261
_d29261